000 00303nam a22001337a 4500
008 170824b xxu||||| |||| 00| 0 eng d
020 _a9780130166371
041 _aeng
080 _22ND
_a51
100 _a38
101 _aMAT
245 _aBEGINNING & INTERMEDIATE ALGEBRA
_cGAY,K.E
942 _2udc
_cBK
999 _c24795
_d24795